Movimientos Barriales en Cuba: un análisis comparativo /

El estudio sobre los movimientos sociales en América Latina cobra en la actualidad una gran importancia dados los cambios que se están operando en el marco internacional y regional. Este resultado nos lleva desde la historia y las características de 3 comunidades cubanas, hacia la búsqueda de su fut...

Descripció completa

Guardat en:
Dades bibliogràfiques
Autor principal: Dilla Alfonso, Haroldo
Altres autors: Castro Flores, Margarita Fernández Soriano, Armando
Format: Text
Publicat: s.l.
Matèries:
Etiquetes: Afegir etiqueta
Sense etiquetes, Sigues el primer a etiquetar aquest registre!

MARC

LEADER 00000 a a2200000 04500
001 37716
003
040
090 |a 0007 D579m  
100 |a Dilla Alfonso, Haroldo  
245 |a Movimientos Barriales en Cuba: un análisis comparativo /  |c Haroldo Dilla Alfonso 
260 |a s.l.  
300 |a 80 p.  
520 |a El estudio sobre los movimientos sociales en América Latina cobra en la actualidad una gran importancia dados los cambios que se están operando en el marco internacional y regional. Este resultado nos lleva desde la historia y las características de 3 comunidades cubanas, hacia la búsqueda de su futuro, nos muestra la relación de los movimientos comunitarios con los gobiernos locales, los procesos de participación y liderazgo que se construyen en la comunidad, la participación de las mujeres y las preocupaciones sobre el medio ambiente y la sostenibilidad  
650 |a MOVIMIENTOS SOCIALES  
650 |a PARTICIPACION SOCIAL  
650 |a CUBA  
700 |a Castro Flores, Margarita   |a Fernández Soriano, Armando  
999 |c 14619  |d 14619